Workshop Technology Part-II (Record no. 8118)
[ view plain ]
| 000 -LEADER | |
|---|---|
| fixed length control field | 00281nam a2200121Ia 4500 |
| 008 - FIXED-LENGTH DATA ELEMENTS--GENERAL INFORMATION | |
| fixed length control field | 191201s2019 xx 000 0 und d |
| 100 ## - MAIN ENTRY--PERSONAL NAME | |
| Personal name | AULAKH,GS |
| 245 #0 - TITLE STATEMENT | |
| Title | Workshop Technology Part-II |
| 250 ## - EDITION STATEMENT | |
| Edition statement | Rep |
| 260 ## - PUBLICATION, DISTRIBUTION, ETC. (IMPRINT) | |
| Name of publisher, distributor, etc | Eagle Pub. |
| Place of publication, distribution, etc | NEW DELHI |
| 300 ## - PHYSICAL DESCRIPTION | |
| Extent | 279+24 |
| 942 ## - ADDED ENTRY ELEMENTS (KOHA) | |
| Source of classification or shelving scheme | Dewey Decimal Classification |
| Koha item type | Text Books |
| Withdrawn status | Lost status | Source of classification or shelving scheme | Damaged status | Not for loan | Collection code | Home library | Current library | Date acquired | Source of acquisition | Cost, normal purchase price | Bill Number | Total Checkouts | Full call number | Acc. no. / Barcode | Date last seen | Date last borrowed | Bill Date | Koha item type | Checked out |
|---|---|---|---|---|---|---|---|---|---|---|---|---|---|---|---|---|---|---|---|
| Dewey Decimal Classification | Diploma in Mechanical | PIET C-LIBRARY | PIET C-LIBRARY | 01/06/2013 | IBH, New Delhi | 356.00 | 2507 | 1 | 670.423 AUW | DE1009 | 23/10/2020 | 10/01/2020 | 01/06/2013 | Text Books | |||||
| Dewey Decimal Classification | Diploma in Mechanical | PIET C-LIBRARY | PIET C-LIBRARY | 01/06/2013 | IBH, New Delhi | 356.00 | 2507 | 1 | DE1010 | 15/12/2023 | 15/12/2023 | 01/06/2013 | Text Books | 29/12/2023 |